| 000 | 01349pam a2200325 i 4500 | ||
|---|---|---|---|
| 001 | 15948747 | ||
| 003 | EG-ScBUE | ||
| 005 | 20250618082744.0 | ||
| 008 | 091016s2009 enka f b 001 0 eng d | ||
| 020 | _a9780521521475 | ||
| 040 |
_aDLC _beng _erda _cDLC _dDLC _dEG-ScBUE |
||
| 082 | 0 | 4 |
_222 _a539.72 _bCAH |
| 100 | 1 |
_aCahn, Robert N., _eauthor. _912449 |
|
| 245 | 1 | 4 |
_aThe experimental foundations of particle physics / _cRobert N. Cahn and Gerson Goldhaber. |
| 250 | _aSecond edition. | ||
| 264 | 1 |
_aCambridge ; _aNew York : _bCambridge University Press, _c2009. |
|
| 300 |
_axii, 553 pages : _billustrations ; _c27 cm |
||
| 336 |
_2rdacontent _atext _btxt |
||
| 337 |
_aunmediated _2rdamedia _bn |
||
| 338 |
_avolume _bnc _2rdacarrier |
||
| 504 | _aIncludes bibliographical references and index. | ||
| 650 | 7 |
_aParticles (Nuclear physics) _2BUEsh _912450 |
|
| 655 | _vReading book | ||
| 700 | 1 |
_aGoldhaber, Gerson, _eauthor. _912451 |
|
| 856 | 4 | 2 |
_3Contributor biographical information _uhttp://www.loc.gov/catdir/enhancements/fy1001/2009497208-b.html |
| 856 | 4 | 2 |
_3Publisher description _uhttp://www.loc.gov/catdir/enhancements/fy1001/2009497208-d.html |
| 856 | 4 | 1 |
_3Table of contents only _uhttp://www.loc.gov/catdir/enhancements/fy1001/2009497208-t.html |
| 942 |
_2ddc _cBB |
||
| 999 |
_c13627 _d13627 |
||